Sports Quiz

Random Sports or Letter Quiz

Beheaded NHL Teams Quiz Stats

Quiz not verified by Sporcle

Challenge
Share
Tweet
Embed
Score 0/9 Timer 02:00
0 Plays Today
NHL Team (and Beheadment) % Correct
Rangers → angers
85.3%
Stars → tars
81.3%
Bruins → ruins
80.9%
Sharks → harks
80.9%
Flames → lames
76.5%
Islanders → slanders
74.1%
Devils → evils
70.5%
Blues → lues
70.2%
Panthers → anthers
62.2%

You're not logged in!

Compare scores with friends on all Sporcle quizzes.
Sign Up with Email
OR
Log In

You Might Also Like...

Show Comments

Extras

Top Quizzes Today


Score Distribution

Your Account Isn't Verified!

In order to create a playlist on Sporcle, you need to verify the email address you used during registration. Go to your Sporcle Settings to finish the process.